Boys' Names in Top 1000-T (2023) - Statistics

General Stats
  • This quiz has been taken 214 times
  • The average score is 18 of 35
Answer Stats
Answer % Correct
Thomas
97%
Tomas
97%
Ty
91%
Theo
85%
Timothy
85%
Tyler
85%
Taylor
81%
Theodore
79%
Tommy
73%
Tristan
66%
Trevor
63%
Trey
63%
Tyson
62%
Tobias
60%
Tony
60%
Travis
60%
Tanner
58%
Troy
56%
Tucker
51%
Trenton
47%
Tate
46%
Tatum
42%
Tru
39%
True
39%
Thiago
34%
Thaddeus
33%
Trace
32%
Titus
26%
Teo
21%
Thatcher
21%
Tripp
21%
Truett
20%
Talon
17%
Titan
17%
Tadeo
9%
No matching quizzes found
Score Distribution
Percent of People with Each Score
Percentile by Number Answered
Your Score History
You have not taken this quiz